000 00332nam a2200133Ia 4500
008 151213s9999 xx 000 0 und d
100 _aLaslie Stephen
245 _aSamuel Johnson
_cLaslie Stephen
260 _aLondon
_bMacmillan and Co.
_c1891
300 _a6543 p.
650 _aEnglish
700 _aLaslie Stephen
999 _c3625
_d3625